<?xml version="1.0" encoding="UTF-8"?>
<collection xmlns="http://www.loc.gov/MARC21/slim">
 <record>
  <leader>01450nam a22002177a 4500</leader>
  <controlfield tag="001">NCT_4_028861</controlfield>
  <controlfield tag="008">251120b        xxu||||| |||| 00| 0 vie d</controlfield>
  <datafield tag="999" ind1=" " ind2=" ">
   <subfield code="c">9445</subfield>
   <subfield code="d">9445</subfield>
  </datafield>
  <datafield tag="020" ind1=" " ind2=" ">
   <subfield code="a">893T100200044</subfield>
   <subfield code="c">178000</subfield>
  </datafield>
  <datafield tag="082" ind1="0" ind2="4">
   <subfield code="2">23rd ed.</subfield>
   <subfield code="a">658.802</subfield>
   <subfield code="b">Th400</subfield>
  </datafield>
  <datafield tag="100" ind1="1" ind2=" ">
   <subfield code="a">Lưu Đan Thọ</subfield>
  </datafield>
  <datafield tag="245" ind1="1" ind2="0">
   <subfield code="a">Marketing dịch vụ hiện đại :</subfield>
   <subfield code="b">Lý thuyết và tình huống ứng dụng của các công ty Việt Nam</subfield>
   <subfield code="c">Lưu Đan Thọ, Tôn Thất Hoàng Hải, Cao Minh Nhựt</subfield>
  </datafield>
  <datafield tag="260" ind1=" " ind2=" ">
   <subfield code="a">H.</subfield>
   <subfield code="b">Tài chính</subfield>
   <subfield code="c">2016</subfield>
  </datafield>
  <datafield tag="300" ind1=" " ind2=" ">
   <subfield code="a">544 tr.</subfield>
   <subfield code="b">Minh hoạ</subfield>
   <subfield code="c">20 cm</subfield>
  </datafield>
  <datafield tag="520" ind1="3" ind2=" ">
   <subfield code="a">Sách trình bày các khái niệm và đặc điểm của marketing dịch vụ, cách thiết kế và quản trị dịch vụ, định giá, phân phối, truyền thông và quản trị nguồn nhân lực trong doanh nghiệp dịch vụ. Nội dung kết hợp lý thuyết và tình huống thực tiễn tại các doanh nghiệp Việt Nam, giúp người đọc hiểu và áp dụng hiệu quả marketing trong lĩnh vực dịch vụ.</subfield>
  </datafield>
  <datafield tag="653" ind1=" " ind2=" ">
   <subfield code="a">Quản trị kinh doanh</subfield>
  </datafield>
  <datafield tag="700" ind1="1" ind2=" ">
   <subfield code="a">Tôn Thất Hoàng Hải</subfield>
  </datafield>
  <datafield tag="700" ind1="1" ind2=" ">
   <subfield code="a">Cao Minh Nhựt</subfield>
  </datafield>
  <datafield tag="942" ind1=" " ind2=" ">
   <subfield code="2">ddc</subfield>
   <subfield code="c">BK</subfield>
  </datafield>
  <datafield tag="952" ind1=" " ind2=" ">
   <subfield code="0">0</subfield>
   <subfield code="1">0</subfield>
   <subfield code="2">ddc</subfield>
   <subfield code="4">0</subfield>
   <subfield code="6">658_802000000000000_TH400</subfield>
   <subfield code="7">0</subfield>
   <subfield code="9">31585</subfield>
   <subfield code="a">000001</subfield>
   <subfield code="b">000001</subfield>
   <subfield code="d">2025-11-20</subfield>
   <subfield code="o">658.802 Th400</subfield>
   <subfield code="p">MD.24601</subfield>
   <subfield code="r">2025-11-20</subfield>
   <subfield code="v">178000.00</subfield>
   <subfield code="w">2025-11-20</subfield>
   <subfield code="y">BK</subfield>
  </datafield>
  <datafield tag="980" ind1=" " ind2=" ">
   <subfield code="a">Thư viện Trường Đại học Nam Cần Thơ</subfield>
  </datafield>
 </record>
</collection>
